MARC

LEADER 00000nam0a2200000 4500
001 156957
005 20231031153443.0
020 |a RU  |b 84-63538 
035 |a (RuTPU)RU\TPU\book\170216 
090 |a 156957 
100 |a 20090401d1984 k a0rusy5003 ca 
101 0 |a rus 
102 |a RU 
105 |a a z 001zy 
200 1 |a Опоры качения приборов  |f В. Б. Бальмонт, В. А. Матвеев 
210 |a Москва  |c Машиностроение  |d 1984 
215 |a 239 с.  |c ил. 
320 |a Библиогр.: с. 237-239. 
610 1 |a подшипники качения 
610 1 |a приборы 
610 1 |a конструкции 
610 1 |a механика 
610 1 |a шарикоподшипники 
610 1 |a устройства 
610 1 |a стенды 
675 |a 681.2-2  |v 3 
700 1 |a Бальмонт  |b В. Б.  |g Владимир Борисович 
701 1 |a Матвеев  |b В. А.  |g Валерий Александрович 
801 0 |a RU  |b RuMRKP  |c 19950704  |g psbo 
801 1 |a RU  |b 63413507  |c 20090401  |g PSBO 
801 2 |a RU  |b 63413507  |c 20210128  |g PSBO 
942 |c BK